Un beso frío y otros cuentos bogotanos /

Gorde:
Xehetasun bibliografikoak
Beste egile batzuk: Suescún, Nicolás (autor) (autor)
Formatua: Liburua
Hizkuntza:gaztelania
Argitaratua: Bogotá, Colombia : Alcaldía Mayor de Bogotá, Instituto Distrital de Cultura y Turismo, 2005, c2005
Saila:(Libro al Viento ; 16)
Gaiak:
Etiketak: Etiketa erantsi
Etiketarik gabe, Izan zaitez lehena erregistro honi etiketa jartzen!

MARC

LEADER 00000nam^a2200000^a^4500
001 000410781
005 20250521000000.0
009 20260310122055.992
020 |a 958-8232-57-0 
037 |a Acervo ITESO - Biblioteca 
041 |a ESP 
082 |a 808. 8  |b LIB V. 16 
245 1 3 |a Un beso frío y otros cuentos bogotanos /  |c N. Suescún... [et al.]. 
264 4 |a Bogotá, Colombia :  |b Alcaldía Mayor de Bogotá, Instituto Distrital de Cultura y Turismo,  |c 2005, c2005 
300 |a 131 p. 
336 |a texto  |b txt  |2 rdacontenido 
337 |a sin mediación  |b n  |2 rdamedio 
338 |a volumen  |b nc  |2 rdasoporte 
440 1 |a (Libro al Viento ;  |v 16) 
649 |a XX 
650 |a Cuentos Colombianos 
650 |a Literatura Colombiana -  |y Siglo XX 
650 |a Literatura Colombiana -  |y Siglo XXI 
700 |a Suescún, Nicolás  |e (autor) 
910 |a Fondo General 
920 |a Impresos - Libros 
930 |a Colección General 
940 |a Literatura 
905 |a 101 
901 |a 0500319414  |b IT1  |c LIT  |i D106396  |u 20250521 
902 |a https://opac.biblio.iteso.mx/vufind/Record/000410781